[Event "Swiss Queens Wed #7"]
[Site "FIDE Online Arena INT"]
[Date "2024.03.13"]
[Round "9"]
[White "Kamala, Priya Batta"]
[Black "Aditi, Arun"]
[Result "1-0"]
[WhiteElo "1414"]
[BlackElo "1602"]
[PlyCount "59"]
[EventDate "2024.03.13"]
[EventType "swiss (blitz)"]
[EventRounds "11"]
[EventCountry "NET"]
[SourceTitle "CB12_2024"]
[SourceDate "2023.10.01"]
[SourceVersion "1"]
[SourceVersionDate "2023.10.01"]
[SourceQuality "1"]

1. e4 e5 2. Nf3 Nc6 3. Bc4 Nf6 4. d3 Be7 5. 0-0 0-0 6. c3 d5 7. exd5 Nxd5 8. Re1 f6 9. Qb3 Be6 10. Qxb7 Na5 11. Qb5 Nxc4 12. Qxc4 Nf4 13. Qc6 Qxd3 14. Bxf4 Bd7 15. Qxc7 Bd8 16. Qc5 exf4 17. Na3 Bb6 18. Qc4+ Qxc4 19. Nxc4 Bc7 20. Re7 Rad8 21. Rd1 Bb5 22. Rxd8 Rxd8 23. h3 Bxc4 24. Rxc7 Bxa2 25. Rxa7 Bd5 26. Nd4 Rb8 27. Rd7 Bf7 28. b4 Be8 29. Rc7 Bf7 30. b5 1-0

[Event "Swiss Queens Wed #7"]
[Site "FIDE Online Arena INT"]
[Date "2024.03.13"]
[Round "10"]
[White "Mariano, Christine Rose"]
[Black "Kamala, Priya Batta"]
[Result "1-0"]
[WhiteElo "1931"]
[BlackElo "1414"]
[PlyCount "87"]
[EventDate "2024.03.13"]
[EventType "swiss (blitz)"]
[EventRounds "11"]
[EventCountry "NET"]
[SourceTitle "CB12_2024"]
[SourceDate "2023.10.01"]
[SourceVersion "1"]
[SourceVersionDate "2023.10.01"]
[SourceQuality "1"]

1. d3 d5 2. g3 Bf5 3. Bg2 e6 4. Nc3 c6 5. e4 dxe4 6. dxe4 Bg6 7. Qxd8+ Kxd8 8. Bf4 Nd7 9. 0-0-0 Be7 10. e5 Ke8 11. Ne4 Rd8 12. Nd6+ Bxd6 13. exd6 Ngf6 14. Bg5 h6 15. Bxf6 Nxf6 16. c4 Be4 17. f3 Bg6 18. Ne2 Kd7 19. Rd2 Ne8 20. Rhd1 Kc8 21. c5 Rd7 22. Nc3 Nf6 23. b4 Rhd8 24. f4 Nd5 25. Bxd5 exd5 26. Ne2 Bh5 27. Re1 Re8 28. h3 Bxe2 29. Rdxe2 Rxe2 30. Rxe2 Kd8 31. f5 b6 32. Kd2 Kc8 33. Kc3 Kd8 34. Kd4 Kc8 35. a4 Kd8 36. a5 bxc5+ 37. Kxc5 Kc8 38. Kxc6 Kd8 39. b5 f6 40. b6 axb6 41. axb6 Kc8 42. Re8+ Rd8 43. d7+ Kb8 44. Rxd8# 1-0